Statistiques concernant Pokémon-Toutes les attaques que le Pikachu de Sacha a utilisé

Cliquez ici pour prendre le quiz!

Statistiques générales

  • Ce quiz a été pris 58 fois
  • Le résultat moyen est 8 sur 12

Statistiques - réponses

Réponse% Correct
Tonnerre
96%
Fatal-Foudre
91%
Queue de Fer
91%
Vive-Attaque
91%
Eclair
89%
Boule Elek
72%
Charge
72%
Electacle
64%
Hâte
55%
Toile Elek
38%
Damoclès
13%
Groz'Yeux
9%

Distribution des résultats

Percentile par nombre de réponses

% des personnes avec chaque résultat

Votre développement - résultats

Vous n’avez pas pris ce quiz